Kaštieľ bude po rekonštrukcii slúžiť na kultúru

Bibliographic Details
Format: Article
Language:Slovak
PhysicalDescription:Fotogr.
ISSN:1335-4655
Subjects:

MARC

LEADER 00000nab a2200000 ar4500
001 vtls010354265
003 SK-MaSNL
005 20260303231832.0
008 120425c20111012xo mr|p|||||||000 b|slo
038 |a SNSK 
040 |b slo  |c SNSK  |e AACR2 
041 |a slo 
044 |a xo  |c SK 
080 |a 728.82  |x (437.67)  |2 2001 
080 |a 7.025.2  |2 2001 
080 |a 069.444  |2 2001 
245 0 0 |a Kaštieľ bude po rekonštrukcii slúžiť na kultúru  |c [autor](nov, foto autor) 
300 |b Fotogr. 
650 0 7 |a kaštiele  |2 snsk  |9 28599 
650 0 7 |a Chátranie. Rozpadávanie. Ničenie. Zanedbávanie umeleckých predmetov  |2 snsk  |9 1096611 
650 0 7 |a rekonštrukcie  |2 snsk  |9 24616 
651 7 |a Snina (Slovensko)  |2 snsk  |9 17361 
773 0 |t Nový Čas  |g Roč. 21, č. 236 (12.10.2011), s. 8  |x 1335-4655 
852 |a SNSK  |b KIS3GCP 
999 |c 2268878  |d 2270808